000 00570nam a22001697a 4500
003 MACL
005 20160719125643.0
008 160719b xxu||||| |||| 00| 0 eng d
040 _cMACL
041 _aHindi
082 _a793 SIN
100 _aसिंह, मांडवी
_964702
245 _aकत्‍थक नृत्‍य परम्‍परा में रायगढ दरबार
_cमांडवी सिंह
260 _aनई दिल्‍ली
_bB.R. Rhythms
_c2013
650 _aनृत्‍य
_964703
942 _2ddc
_cHIN
999 _c54433
_d54433